[Event "Xtracon Chess Open 2018"]
[Site "Elsinore"]
[Date "2018.07.28"]
[Round "9"]
[White "Halberg, Jesper"]
[Black "Svane, Freja"]
[Result "1-0"]
[WhiteElo "1702"]
[BlackElo "1608"]
[EventDate "2018.07.21"]
[WhiteFideId "1451278"]
[BlackFideId "12940100"]

1.d4 d5 2.Bf4 Nf6 3.e3 c5 4.c3 Nc6 5.Nd2 Qb6 6.Qb3 c4 7.Qc2 Bg4 8.b3 cxb3 
9.axb3 e6 10.Bd3 Be7 11.f3 Bh5 12.Ne2 O-O 13.Kf2 Rfc8 14.Qb1 Nd7 15.Bxh7+ 
Kh8 16.g4 g6 17.gxh5 Kxh7 18.hxg6+ fxg6 19.Qf1 Kg7 20.Qh3 Na5 21.Rxa5 Qxa5
22.Qxe6 Qd8 23.Rg1 Qe8 24.Qxd5 b6 25.Qh5 Rc6 26.d5 Rf6 27.Qh6+ Kg8 28.Ne4 
Rf8 29.Rxg6+ Qxg6 30.Qxg6+ Kh8 31.Qh6+ Kg8 32.Qe6+ Rf7 33.Bg5 1-0

[Event "Xtracon Chess Open 2018"]
[Site "Elsinore"]
[Date "2018.07.28"]
[Round "9"]
[White "Kristensen, Thomas Overgaard"]
[Black "Madsen, Dennis"]
[Result "1-0"]
[WhiteElo "1696"]
[BlackElo "1578"]
[EventDate "2018.07.21"]
[WhiteFideId "1419803"]
[BlackFideId "1425919"]

1.d4 g6 2.c4 d6 3.Nc3 Bg7 4.e4 f5 5.Nge2 fxe4 6.Nxe4 Nc6 7.d5 Ne5 8.Nd4 
Nh6 9.Ng3 O-O 10.h3 Nf5 11.Ngxf5 Bxf5 12.f4 Nf7 13.Nxf5 gxf5 14.g4 e5 15.
dxe6 Qh4+ 16.Kd2 Qf2+ 17.Qe2 Qd4+ 18.Kc2 Nh8 19.e7 Rfe8 20.Qe6+ Nf7 21.Bd3
Qf6 22.Re1 Qxe6 23.Rxe6 fxg4 24.hxg4 Nh8 25.Bd2 Ng6 26.Rae1 Kf7 27.g5 Nxe7
28.Bxh7 Be5 29.f5 Nc6 30.g6+ Kf8 31.Bh6+ 1-0

[Event "Xtracon Chess Open 2018"]
[Site "Elsinore"]
[Date "2018.07.28"]
[Round "9"]
[White "Starup, Leo"]
[Black "Rasmussen, Henning"]
[Result "1/2-1/2"]
[WhiteElo "1562"]
[BlackElo "1682"]
[EventDate "2018.07.21"]
[WhiteFideId "1422669"]
[BlackFideId "1410962"]

1.d4 Nf6 2.c4 g6 3.Nc3 Bg7 4.Nf3 d6 5.Bg5 c6 6.e3 Qc7 7.Be2 O-O 8.O-O e5 
9.dxe5 dxe5 10.Qc2 Bf5 11.Qb3 h6 12.Bh4 Nbd7 13.Rfd1 Nc5 14.Qa3 b6 15.Rac1
Rad8 16.b4 Rxd1+ 17.Rxd1 Nce4 18.Qc1 g5 19.Bg3 Nxg3 20.hxg3 Ne4 21.Nxe4 
Bxe4 22.Qd2 Bf5 23.Ne1 Rc8 24.a4 Bf8 25.Rc1 Rd8 26.Qb2 Bg7 27.Qa2 Be6 28.
Qc2 f5 29.c5 bxc5 30.Qxc5 Bf8 31.Qxc6 Qxc6 32.Rxc6 Bd7 33.Ra6 Bxb4 34.Bc4+
Kh8 35.Nd3 Bc3 36.Rd6 Rc8 1/2-1/2

[Event "Xtracon Chess Open 2018"]
[Site "Elsinore"]
[Date "2018.07.28"]
[Round "9"]
[White "Stromhaug, Kristoffer Wang"]
[Black "Nielsen, Jorgen Kamp"]
[Result "0-1"]
[WhiteElo "1502"]
[BlackElo "1674"]
[EventDate "2018.07.21"]
[WhiteFideId "1533401"]
[BlackFideId "1413279"]

1.e4 c5 2.Nf3 g6 3.d4 cxd4 4.Qxd4 Nf6 5.Nc3 Nc6 6.Qd2 Bg7 7.Bd3 d6 8.b3 
O-O 9.Bb2 Nb4 10.O-O Bg4 11.Qe2 Rc8 12.h3 Bxf3 13.Qxf3 Nxd3 14.cxd3 Nd7 
15.Na4 Ne5 16.Qe2 Qa5 17.d4 Nc6 18.d5 Ne5 19.f4 Nd7 20.Bxg7 Kxg7 21.Qb2+ 
Kg8 22.Rac1 Qb4 23.Rfe1 b5 24.a3 Qa5 25.Nc3 Qb6+ 26.Qf2 Nc5 27.Qe3 Nd3 28.
Qxb6 axb6 29.Red1 Nxc1 0-1

[Event "Xtracon Chess Open 2018"]
[Site "Elsinore"]
[Date "2018.07.28"]
[Round "9"]
[White "Yilmaz, Kazim"]
[Black "Kharraziha, Hamid"]
[Result "1-0"]
[WhiteElo "1669"]
[BlackElo "1502"]
[EventDate "2018.07.21"]
[WhiteFideId "1514326"]
[BlackFideId "1726862"]

1.c4 e5 2.Nc3 Nf6 3.Nf3 d6 4.g3 Bf5 5.Bg2 c6 6.O-O Nbd7 7.d4 e4 8.Nh4 Be6 
9.d5 cxd5 10.cxd5 Bg4 11.Nxe4 Qb6 12.Nxf6+ Nxf6 13.h3 Bd7 14.Qb3 Be7 15.
Qxb6 axb6 16.Be3 b5 17.a3 O-O 18.Rfc1 Rfc8 19.Rxc8+ Rxc8 20.Rc1 Bd8 21.
Rxc8 Bxc8 22.f4 h6 23.Kf2 b6 24.Bf3 Bxh3 25.Bd4 Bc8 26.e4 Bg4 27.Bxf6 Bxf6
28.Bxg4 Bxb2 29.Be2 1-0

[Event "Xtracon Chess Open 2018"]
[Site "Elsinore"]
[Date "2018.07.28"]
[Round "9"]
[White "Shehzad, Alisha"]
[Black "Jensen, Hans Askov"]
[Result "1-0"]
[WhiteElo "1650"]
[BlackElo "1473"]
[EventDate "2018.07.21"]
[WhiteFideId "1521926"]
[BlackFideId "1419889"]

1.e4 e5 2.Nf3 Nc6 3.Nc3 Nf6 4.a3 Bc5 5.Nxe5 Nxe5 6.d4 Bxd4 7.Qxd4 Nc6 8.
Qd1 h6 9.Bc4 O-O 10.O-O d6 11.f3 Be6 12.Nd5 Ne5 13.Ba2 Nxd5 14.Bxd5 c6 15.
Ba2 Qb6+ 16.Kh1 Rad8 17.b4 c5 18.Be3 Qa6 19.Bxe6 fxe6 20.bxc5 dxc5 21.Qe1 
b6 22.Bxh6 Rf7 23.Qh4 Rdf8 24.Bd2 Ng6 25.Qg4 Rf6 26.Bg5 Ne5 27.Qg3 Nxf3 
28.Bxf6 Rxf6 29.Rxf3 Rh6 30.Raf1 Qc8 31.Rf7 g6 32.Qf4 1-0

[Event "Xtracon Chess Open 2018"]
[Site "Elsinore"]
[Date "2018.07.28"]
[Round "9"]
[White "Tummasarson, Flovin M."]
[Black "Petersen, Jan"]
[Result "1/2-1/2"]
[WhiteElo "1237"]
[BlackElo "1647"]
[EventDate "2018.07.21"]
[WhiteFideId "7202431"]
[BlackFideId "1426320"]

1.e4 e5 2.Nf3 Nc6 3.Bc4 Nf6 4.d3 Be7 5.Nc3 O-O 6.Bg5 d6 7.Qd2 Bd7 8.a3 h6 
9.Bxh6 gxh6 10.Qxh6 Be6 11.Bxe6 fxe6 12.Ng5 Nd4 13.Qg6+ Kh8 14.Qh6+ Kg8 
15.Qg6+ Kh8 16.Qh6+ Kg8 17.Qg6+ Kh8 1/2-1/2

[Event "Xtracon Chess Open 2018"]
[Site "Elsinore"]
[Date "2018.07.28"]
[Round "9"]
[White "Naesborg, Jens-Ole"]
[Black "Hina, Ariza"]
[Result "1/2-1/2"]
[WhiteElo "1866"]
[BlackElo "1483"]
[EventDate "2018.07.21"]
[WhiteFideId "1443577"]
[BlackFideId "1525441"]

1.e4 e5 2.d4 exd4 3.Bc4 Nc6 4.Nf3 Nf6 5.e5 d5 6.Bb5 Ne4 7.O-O Be7 8.Nxd4 
Bd7 9.Nxc6 bxc6 10.Bd3 Nc5 11.c3 Nxd3 12.Qxd3 O-O 13.Qe2 Be6 14.f4 f5 15.
Be3 c5 16.Qf2 Qb8 17.b3 Qb5 18.Nd2 c6 19.Nf3 Rad8 20.Rfd1 a5 21.Rab1 Bf7 
22.a4 Qb6 23.Qc2 Qa6 24.Qf2 Qb6 25.b4 axb4 26.cxb4 d4 27.Bc1 cxb4 28.Nxd4 
Bc5 29.Be3 Ba2 30.Qxa2+ Kh8 31.Qf2 Rd5 32.a5 Qxa5 33.Nxc6 Bxe3 34.Qxe3 
Rxd1+ 35.Rxd1 Qa4 36.Nxb4 Qxd1+ 37.Kf2 Qb1 38.Qc3 Rb8 39.Nd3 Qa2+ 40.Kg3 
Qb3 41.Qd4 Qb6 42.Qxb6 Rxb6 43.Nc5 Kg8 44.Kh3 Kf7 45.g3 h6 46.Kh4 Rb2 47.
h3 Rb4 48.Kh5 Rc4 49.Nb7 Rc3 50.Nd6+ Ke6 51.Kh4 g6 1/2-1/2

[Event "Xtracon Chess Open 2018"]
[Site "Elsinore"]
[Date "2018.07.28"]
[Round "9"]
[White "Damm, Henrik"]
[Black "Nielsen, Kai Gylling"]
[Result "1-0"]
[WhiteElo "1567"]
[BlackElo "1813"]
[EventDate "2018.07.21"]
[WhiteFideId "1425013"]
[BlackFideId "1406400"]

1.c4 Nf6 2.Nf3 b6 3.g3 Bb7 4.Bg2 e6 5.Nc3 Nc6 6.O-O Be7 7.d4 d5 8.cxd5 
exd5 9.a3 a5 10.Bf4 Bd6 11.Bxd6 Qxd6 12.Nb5 Qd7 13.Rc1 O-O 14.Re1 Rfc8 15.
Rc2 Ne7 16.Nc3 c6 17.e3 b5 18.Ne5 Qd6 19.Nd3 Rc7 20.Qc1 Ba6 21.Nc5 Rca7 
22.Ne2 b4 23.a4 Bc8 24.b3 Bf5 25.Rb2 h5 26.f3 Nh7 27.e4 dxe4 28.fxe4 Bg4 
29.e5 Qd8 30.Rd2 Ng5 31.Rd3 Nh3+ 32.Bxh3 Bxh3 33.Nf4 Bf5 34.Rd2 g6 35.e6 
Nd5 36.exf7+ Kxf7 37.Nfe6 Qd6 38.Rf2 Nf6 39.Qh6 Kg8 40.Rxf5 gxf5 41.Qxf6 
Qd5 42.Qg6+ Kh8 43.Qxh5+ Kg8 44.Re5 1-0

[Event "Xtracon Chess Open 2018"]
[Site "Elsinore"]
[Date "2018.07.28"]
[Round "9"]
[White "Horslund, Mikael"]
[Black "Jensen, Jonbert M. S."]
[Result "1-0"]
[WhiteElo "1714"]
[BlackElo "1481"]
[EventDate "2018.07.21"]
[WhiteFideId "1421042"]
[BlackFideId "1435914"]

1.f4 d5 2.Nf3 Nf6 3.e3 Bg4 4.h3 Bxf3 5.Qxf3 c6 6.g4 h6 7.h4 Nbd7 8.Bg2 e5 
9.O-O h5 10.g5 e4 11.Qe2 Ng4 12.c4 f6 13.cxd5 cxd5 14.Nc3 Nb6 15.Nxe4 d4 
16.Qb5+ Qd7 17.Qb3 O-O-O 18.a4 f5 19.a5 Nd5 20.Ra4 fxe4 21.Rxd4 Bc5 22.Rc4
Qc6 23.Bxe4 Kb8 24.d4 Rhe8 25.Rxc5 Qe6 26.Bxd5 Rxd5 27.Qxd5 Qa6 28.Qd7 Rg8
29.Qc7+ 1-0

[Event "Xtracon Chess Open 2018"]
[Site "Elsinore"]
[Date "2018.07.28"]
[Round "9"]
[White "O`gorman, Brian"]
[Black "Madison, Sigurd"]
[Result "0-1"]
[WhiteElo "1514"]
[BlackElo "1704"]
[EventDate "2018.07.21"]
[WhiteFideId "2509601"]
[BlackFideId "1711806"]

1.e4 e5 2.Nf3 Nc6 3.Bc4 d6 4.c3 Bg4 5.h3 Bh5 6.d3 Be7 7.Nbd2 Nf6 8.O-O O-O
9.Re1 a6 10.Bb3 Na5 11.Bc2 c5 12.Nf1 Nc6 13.Ng3 Bg6 14.d4 cxd4 15.cxd4 Qc7
16.Bb3 Rac8 17.Bg5 Qb6 18.Be3 Qb5 19.a4 Qb4 20.Bd2 Qb6 21.Bc3 Rfd8 22.a5 
Qc7 23.d5 Nb8 24.Bd2 Nbd7 25.Nh2 Qb8 26.h4 h6 27.Bc2 Nxd5 28.h5 Bh7 29.Bb3
N5f6 30.Ng4 Nxg4 31.Qxg4 Nf6 32.Qf3 Qc7 33.Be3 Qd7 34.Bb6 Rf8 35.Nf5 Bxf5 
36.exf5 Qc6 37.Qh3 Qb5 38.g4 Nxg4 39.Qxg4 Qxb3 40.Be3 Kh8 41.Kh2 Rc4 42.
Qg2 Qb4 43.Rg1 Rh4+ 44.Qh3 Rxh3+ 45.Kxh3 Qh4+ 46.Kg2 d5 47.Kf3 Qe4+ 48.Kg3
d4 49.Bxh6 gxh6 50.Rae1 Qf4+ 51.Kh3 Qh4+ 52.Kg2 e4 0-1

[Event "Xtracon Chess Open 2018"]
[Site "Elsinore"]
[Date "2018.07.28"]
[Round "9"]
[White "Mansoor, Areeb"]
[Black "Harders, Poul Erik"]
[Result "1-0"]
[WhiteElo "1205"]
[BlackElo "1693"]
[EventDate "2018.07.21"]
[WhiteFideId "1535870"]
[BlackFideId "1416251"]

1.e4 c5 2.Nf3 d6 3.Bc4 Nc6 4.d3 Nf6 5.Nc3 e6 6.Bb3 Be7 7.O-O O-O 8.Re1 a6 
9.a4 Qc7 10.Bg5 h6 11.Bxf6 Bxf6 12.Nd2 b6 13.f4 Bb7 14.Qh5 Rad8 15.f5 exf5
16.exf5 Nd4 17.Nde4 Be5 18.f6 d5 19.Qg4 g6 20.Rf1 Ne6 21.Nd2 Kh7 22.h4 h5 
23.Qe2 Nd4 24.Qd1 Qd6 25.g4 Bh2+ 26.Kh1 hxg4 27.Qxg4 Qg3 28.Qxg3 Bxg3 29.
Kg2 Bc7 30.Rh1 Rg8 31.Kf2 Rd6 32.Rag1 Rxf6+ 33.Ke1 Nf5 34.Bxd5 Bxd5 35.
Nxd5 Re6+ 36.Kd1 Ne3+ 37.Nxe3 Rxe3 38.h5 g5 39.Ne4 Be5 40.Nxg5+ Rxg5 41.
Rxg5 Bxb2 42.Re1 Rh3 43.Re7 Bf6 44.Rxf7+ Kh6 45.Rd5 Bc3 46.Rb7 Rh1+ 47.Ke2
Rh2+ 48.Kf3 Ba5 49.Re7 Bc3 50.Re6+ Kg7 51.Rd7+ Kf8 52.Rc6 Ke8 53.Rh7 Kd8 
54.Rg6 1-0

[Event "Xtracon Chess Open 2018"]
[Site "Elsinore"]
[Date "2018.07.28"]
[Round "9"]
[White "Rasmussen, Ole"]
[Black "Thybo, Jan"]
[Result "1-0"]
[WhiteElo "1577"]
[BlackElo "1272"]
[EventDate "2018.07.21"]
[WhiteFideId "1417118"]
[BlackFideId "1438824"]

1.e4 e5 2.Nf3 Nc6 3.Bb5 a6 4.Ba4 Nf6 5.O-O b5 6.Bb3 Be7 7.Re1 d6 8.h3 O-O 
9.c3 Be6 10.d4 Bxb3 11.axb3 exd4 12.cxd4 Nd7 13.Nc3 Nb6 14.Be3 d5 15.e5 
Re8 16.Qc1 Nb4 17.Qd2 a5 18.Nxb5 Nc6 19.Rac1 Bb4 20.Qc2 Bxe1 21.Qxc6 Bxf2+
22.Kxf2 Re7 23.Bg5 f6 24.exf6 Rf7 25.Ne5 gxf6 26.Nxf7 Kxf7 27.Bf4 Rc8 28.
Re1 Nd7 29.Qxd5+ Kg7 30.Qe4 Ne5 31.Bxe5 fxe5 32.Qxe5+ Kf8 33.Qh8+ Kf7 34.
Qxh7+ 1-0

[Event "Xtracon Chess Open 2018"]
[Site "Elsinore"]
[Date "2018.07.28"]
[Round "9"]
[White "Morling, Aase"]
[Black "Johansen, Paul Ivar"]
[Result "1/2-1/2"]
[WhiteElo "1476"]
[BlackElo "1244"]
[EventDate "2018.07.21"]
[WhiteFideId "1440993"]
[BlackFideId "1508024"]

1.e4 c6 2.d4 d5 3.exd5 cxd5 4.c4 Bf5 5.Nc3 e6 6.cxd5 exd5 7.Bb5+ Nc6 8.Nf3
Bb4 9.O-O Bxc3 10.bxc3 Ne7 11.Ne5 O-O 12.Nxc6 bxc6 13.Bd3 Bg6 14.Ba3 Bxd3 
15.Qxd3 Re8 16.Rfe1 Ng6 17.g3 Rxe1+ 18.Rxe1 Qd7 1/2-1/2

[Event "Xtracon Chess Open 2018"]
[Site "Elsinore"]
[Date "2018.07.28"]
[Round "9"]
[White "Olsen, Lars Peter Levin"]
[Black "Schouten, Ken Ronny"]
[Result "1/2-1/2"]
[WhiteElo "1106"]
[BlackElo "1309"]
[EventDate "2018.07.21"]
[WhiteFideId "1454102"]
[BlackFideId "1533010"]

1.Nf3 Nf6 2.d4 g6 3.c4 d6 4.Nc3 Bg7 5.e4 Nbd7 6.h3 c5 7.b3 cxd4 8.Nxd4 O-O
9.Bb2 Nc5 10.Bd3 Nxd3+ 11.Qxd3 a6 12.Rd1 Bd7 13.O-O Rc8 14.Rfe1 e5 15.Nf3 
Ne8 16.Nd5 Be6 17.Bc1 Bxd5 18.exd5 f5 19.Ng5 Nc7 20.Ne6 Nxe6 21.dxe6 Rc6 
22.Qd5 Kh8 23.Bb2 Re8 24.Rxe5 Qe7 25.Re2 Bxb2 26.Rxb2 Qxe6 27.Qxe6 Rxe6 
28.Kf1 Kg7 29.Re2 Kf7 30.Rde1 Rxe2 31.Rxe2 Rc5 32.h4 h5 33.f4 Rc7 34.g3 
Re7 35.Rd2 Ke6 36.a4 Kd7 37.c5 Kc6 38.Rxd6+ Kxc5 39.Rxg6 Re3 40.Rg5 Rxb3 
41.Rxf5+ Kd4 42.Kg2 Ke4 43.Rxh5 Rb2+ 44.Kh3 Kf3 45.Rg5 Rb1 46.Kh2 Rb2+ 47.
Kg1 Rb1+ 48.Kh2 1/2-1/2

[Event "Xtracon Chess Open 2018"]
[Site "Elsinore"]
[Date "2018.07.28"]
[Round "9"]
[White "O`gorman, Pipa"]
[Black "Nielsen, Bjorn"]
[Result "1-0"]
[WhiteElo "1231"]
[BlackElo "1261"]
[EventDate "2018.07.21"]
[WhiteFideId "45171637"]
[BlackFideId "1416839"]

1.d4 d5 2.Bf4 e6 3.e3 Bd6 4.Bg3 Nf6 5.Bd3 O-O 6.c3 b6 7.Nf3 a5 8.Qc2 Ne4 
9.Bxe4 dxe4 10.Qxe4 Ra7 11.Nbd2 Bb7 12.Qc2 Nd7 13.O-O-O a4 14.Bxd6 cxd6 
15.Nb1 h6 16.Qe2 Ra8 17.g4 Bxf3 18.Qxf3 f6 19.h4 h5 20.gxh5 Qe8 21.h6 g6 
22.Rdg1 d5 23.h5 g5 24.e4 e5 25.Qf5 Kh8 26.h7 Rf7 27.dxe5 Qxe5 28.Qxe5 
Nxe5 29.exd5 Nd3+ 30.Kc2 Nf4 31.Rd1 b5 32.Na3 Rb8 33.c4 Rc7 34.d6 Rd7 35.
cxb5 Kxh7 36.h6 Ng6 37.Kc3 Nh4 38.Kb4 Ra8 39.Kc5 Kxh6 40.Kc6 Rad8 41.b6 
Kg6 42.b7 Nf5 43.b8=Q Rxb8 44.Kxd7 Rxb2 45.Kc8 Nxd6+ 46.Rxd6 Rxa2 47.Nc4 
Rxf2 48.Ra1 Rc2 49.Rxa4 Rf2 50.Raa6 Kh5 51.Rxf6 Re2 52.Ra5 Rg2 53.Ne5 Rc2+
54.Kd7 Rd2+ 55.Ke6 Re2 56.Kf7 Kh4 57.Rh6+ Kg3 58.Ra3+ Kg2 59.Nc4 Kf2 60.
Rf6+ Kg2 61.Rg6 g4 62.Rxg4+ Kf2 63.Rag3 Kf1 64.Ne3+ Ke1 65.Ng2+ Kd2 66.Re3
Rxg2 67.Rxg2+ Kxe3 68.Kf6 Kf4 69.Re2 Kf3 70.Re8 Kg4 71.Ke6 Kf3 72.Kf5 Kg3 
73.Re4 Kf3 74.Ra4 Ke3 75.Ke5 Kd3 76.Kd5 Kc3 77.Rh4 Kb3 78.Kc5 Ka3 79.Rh3+ 
Kb2 80.Kc4 Ka2 81.Kc5 Kb2 82.Rg3 Kc2 83.Rh3 Kd2 84.Kc4 Ke2 85.Kd4 Kf2 86.
Ke4 Kg2 87.Re3 Kf2 88.Rf3+ Ke2 89.Rg3 Kd2 90.Kd4 Kc2 91.Kc4 Kd2 92.Kb3 Ke2
93.Kc3 Kf2 94.Rd3 Ke2 95.Rh3 Kf2 96.Kd3 Kg2 97.Re3 Kf2 98.Rh3 Kg2 99.Re3 
Kf2 100.Ke4 Kg2 101.Kf4 Kf2 102.Rh3 Kg2 103.Kg4 Kf2 104.Kf4 Ke2 105.Ke4 
Kd2 106.Kd4 Kc2 107.Kc4 Kb2 108.Kb4 Kc2 109.Rb3 Kd2 110.Kc4 Kc2 111.Ra3 
Kb2 112.Rh3 Ka2 113.Rb3 Ka1 114.Rb8 Ka2 115.Kc3 Ka1 116.Kc2 Ka2 117.Ra8# 
1-0

[Event "Xtracon Chess Open 2018"]
[Site "Elsinore"]
[Date "2018.07.28"]
[Round "9"]
[White "Ji, Jiabao Eivind"]
[Black "Jensen, Johannes Frank"]
[Result "1-0"]
[WhiteElo "1250"]
[BlackElo "1354"]
[EventDate "2018.07.21"]
[WhiteFideId "1540882"]
[BlackFideId "1457942"]

1.e4 d5 2.exd5 Qxd5 3.Nf3 Nf6 4.Be2 Bg4 5.d4 c6 6.O-O e6 7.c4 Qd8 8.Nc3 
Bd6 9.h3 Bxf3 10.Bxf3 Bc7 11.Be3 Qd6 12.g3 Qb4 13.Qd3 Qxb2 14.Rab1 Qa3 15.
Rb3 Qd6 16.Bf4 Qd8 17.Be3 Qc8 18.Bg2 Bd6 19.c5 Bc7 20.Rfb1 Nd5 21.Nxd5 
exd5 22.Rxb7 O-O 23.Qa3 a6 24.Qd3 Re8 25.Qa3 Qf5 26.Qb3 Qc8 27.Qd3 h6 28.
Qa3 a5 29.Qd3 Na6 30.R1b6 Qe6 31.Rxa6 Rxa6 32.Qxa6 Rc8 33.Qe2 Qd7 34.Bf4 
Qd8 35.Bxc7 Rxc7 36.Rxc7 Qxc7 37.Qe8+ Kh7 38.Qa8 Kg6 39.Qe8 Kh7 40.Qe5 Qb7
41.Qf5+ Kh8 42.Qc2 Kg8 43.Qa4 Qa7 44.Qb3 Qe7 45.Bxd5 cxd5 46.Qxd5 Qe1+ 47.
Kg2 Qc3 48.c6 Kh7 49.Qc5 Qe1 50.c7 Qe4+ 51.Kh2 Qf3 52.Qc2+ g6 53.c8=Q Qa3 
54.Qe8 Kg7 55.d5 a4 56.Qexa4 Qe7 57.Qd4+ Kh7 58.Qcc3 Qf8 59.d6 f6 60.Qxf6 
Qxf6 61.Qxf6 h5 62.d7 g5 63.d8=Q h4 64.Qde7+ Kg8 65.Qff8# 1-0

[Event "Xtracon Chess Open 2018"]
[Site "Elsinore"]
[Date "2018.07.28"]
[Round "9"]
[White "Hinrichs, Kurt"]
[Black "Schjolin, John"]
[Result "1-0"]
[WhiteElo "1223"]
[BlackElo "1160"]
[EventDate "2018.07.21"]
[WhiteFideId "12994057"]
[BlackFideId "1439413"]

1.d4 d5 2.Bf4 e6 3.e3 Bd6 4.Bxd6 Qxd6 5.c3 Nf6 6.Nf3 O-O 7.Nbd2 Qe7 8.Be2 
Nbd7 9.h3 c6 10.Qc2 b5 11.O-O a6 12.e4 dxe4 13.Nxe4 Nxe4 14.Qxe4 Bb7 15.
Bd3 g6 16.Rfe1 Rae8 17.Re2 f5 18.Qe3 Rf6 19.Rae1 Nf8 20.b4 Kg7 21.a3 h6 
22.c4 g5 23.Nxg5 hxg5 24.Qxg5+ Rg6 25.Qxf5 Rf6 26.Qg5+ Rg6 27.Qxe7+ Rxe7 
28.Bxg6 Kxg6 29.cxb5 cxb5 30.Re3 Kf7 31.Re5 Bd5 32.R1e3 Ke8 33.Rh5 Kd7 34.
g4 Rh7 35.Rxh7+ Nxh7 36.Kh2 Ng5 37.f4 Nf3+ 38.Kg3 Nxd4 39.Re5 Nc2 40.g5 
Nd4 41.h4 Nf5+ 42.Rxf5 exf5 43.h5 Ke7 44.g6 Kf8 45.Kh4 Kg7 46.Kg5 Be6 47.
h6+ Kh8 48.Kf6 Bg8 49.Kxf5 Bc4 50.Kf6 Bb3 51.f5 Bg8 52.Ke7 1-0

[Event "Xtracon Chess Open 2018"]
[Site "Elsinore"]
[Date "2018.07.29"]
[Round "10"]
[White "Hammer, Jon Ludvig"]
[Black "Keymer, Vincent"]
[Result "1-0"]
[WhiteElo "2631"]
[BlackElo "2466"]
[EventDate "2018.07.21"]
[WhiteFideId "1503707"]
[BlackFideId "12940690"]

1.d4 Nf6 2.c4 e6 3.Nf3 d5 4.Nc3 c5 5.cxd5 Nxd5 6.g3 cxd4 7.Nxd5 Qxd5 8.
Qxd4 Qb5 9.e4 Qb4+ 10.Bd2 Nc6 11.Qxb4 Bxb4 12.Bb5 Bd7 13.Rc1 f6 14.Bxc6 
Bxd2+ 15.Kxd2 Bxc6 16.Nd4 Bxe4 17.Rhe1 Bd5 18.Nxe6 Bxe6 19.Rxe6+ Kf7 20.
Rd6 Rhd8 21.Rc7+ Ke8 22.Rd3 Rxd3+ 23.Kxd3 Rd8+ 24.Kc4 Rd2 25.Rxb7 Rxf2 26.
a4 a5 27.b3 Rxh2 28.Rxg7 Rc2+ 29.Kb5 Rb2 30.Kxa5 Rxb3 31.g4 Re3 32.Rxh7 
Re5+ 33.Kb6 Re6+ 34.Kb7 Re5 35.Rh5 Re7+ 36.Kc6 Re6+ 37.Kc7 Re7+ 38.Kd6 Re4
39.a5 Rxg4 40.a6 Ra4 41.Rh8+ Kf7 42.a7 1-0

[Event "Xtracon Chess Open 2018"]
[Site "Elsinore"]
[Date "2018.07.29"]
[Round "10"]
[White "Saric, Ivan"]
[Black "Svane, Rasmus"]
[Result "1/2-1/2"]
[WhiteElo "2689"]
[BlackElo "2580"]
[EventDate "2018.07.21"]
[WhiteFideId "14508150"]
[BlackFideId "4657101"]

1.e4 c6 2.d4 d5 3.exd5 cxd5 4.Bd3 Nc6 5.c3 Nf6 6.Bf4 Bg4 7.Qb3 Qd7 8.Nd2 
e6 9.h3 Bh5 10.Ngf3 Bxf3 11.Nxf3 Bd6 12.Bxd6 Qxd6 13.O-O Qc7 14.Rae1 O-O 
15.Qd1 Rfe8 16.Re3 e5 17.dxe5 Nxe5 18.Nxe5 Rxe5 19.Rxe5 Qxe5 20.Re1 Qd6 
21.Bc2 Qb6 22.Bb3 h6 23.Qd4 Qxd4 24.cxd4 Kf8 25.Rc1 Rb8 26.g4 g5 27.Rc7 
Ne8 28.Rc5 Nf6 29.a4 Re8 30.a5 b6 31.axb6 axb6 32.Rb5 Re2 33.Ba2 Kg7 34.
Rxb6 Rd2 35.Rb4 Ne4 36.f3 Rd1+ 37.Kg2 Rd2+ 38.Kf1 Nf6 39.Ke1 Rh2 40.Rb5 
Rxh3 41.Ke2 Rh2+ 42.Ke3 Rg2 43.Rb7 Kf8 44.Rb8+ Kg7 45.Rb5 Kf8 46.Bxd5 
Nxd5+ 47.Rxd5 Rxb2 48.Rd6 Rh2 49.Ke4 Ke7 50.Ra6 Re2+ 51.Kd5 Re3 52.Rxh6 
Rxf3 53.Rh5 Kf6 54.Rh1 Kg6 55.Rd1 f5 56.gxf5+ Kxf5 57.Kc6 Rc3+ 58.Kd7 g4 
59.d5 g3 60.d6 Kg4 61.Ke7 g2 62.d7 Rc7 63.Ke6 Rxd7 64.Kxd7 1/2-1/2

[Event "Xtracon Chess Open 2018"]
[Site "Elsinore"]
[Date "2018.07.29"]
[Round "10"]
[White "Agdestein, Simen"]
[Black "Vitiugov, Nikita"]
[Result "1/2-1/2"]
[WhiteElo "2581"]
[BlackElo "2734"]
[EventDate "2018.07.21"]
[WhiteFideId "1500015"]
[BlackFideId "4152956"]

1.d4 Nf6 2.c4 e6 3.Nc3 Bb4 4.e3 O-O 5.Bd3 c5 6.Nf3 b6 7.O-O Bxc3 8.bxc3 
Bb7 9.Nd2 Nc6 10.Re1 d6 11.f3 Rc8 12.Bb2 Ba6 13.Qe2 Qd7 14.e4 Na5 15.Rac1 
e5 16.Nf1 Nh5 17.g3 g6 18.Ne3 Ng7 19.f4 exf4 20.gxf4 f5 21.e5 dxe5 22.fxe5
f4 23.Ng4 f3 24.Qe4 f2+ 25.Nxf2 Bxc4 26.Rcd1 Bd5 27.Qg4 Qf7 28.Qh4 Nf5 29.
Qf4 Qc7 30.Qg4 cxd4 31.cxd4 Qe7 32.Ne4 Nc4 33.Nf6+ Rxf6 34.exf6 Qxf6 35.
Bxf5 Qxf5 36.Qxf5 gxf5 37.Bc1 Kf7 38.Rd3 Nd6 39.Bf4 Ne4 40.Rc1 Rg8+ 41.Kf1
b5 42.Ra3 Bc4+ 43.Rxc4 bxc4 44.d5 Ra8 45.Ra6 Nf6 46.Ra5 Kg6 47.d6 Re8 48.
Rxa7 Re4 49.Bg3 Rd4 50.Rc7 f4 51.Bf2 Rxd6 52.Rxc4 Rd2 53.Rxf4 1/2-1/2

[Event "Xtracon Chess Open 2018"]
[Site "Elsinore"]
[Date "2018.07.29"]
[Round "10"]
[White "Korley, Kassa"]
[Black "Grandelius, Nils"]
[Result "0-1"]
[WhiteElo "2443"]
[BlackElo "2668"]
[EventDate "2018.07.21"]
[WhiteFideId "2033801"]
[BlackFideId "1710400"]

1.Nf3 d5 2.d4 Nf6 3.c4 e6 4.Nc3 dxc4 5.e3 a6 6.Bxc4 b5 7.Be2 Bb7 8.O-O 
Nbd7 9.a3 Bd6 10.b4 O-O 11.Bb2 Qe7 12.Nb1 Rfb8 13.Nbd2 a5 14.Bxb5 axb4 15.
a4 e5 16.Nc4 e4 17.Nfd2 Bxh2+ 18.Kxh2 c6 19.Qe2 Qe6 20.Kg1 cxb5 21.axb5 
Bd5 22.Ne5 Rxa1 23.Rxa1 Qb6 24.f3 exf3 25.gxf3 Nxe5 26.dxe5 Nd7 27.Kf2 
Qxb5 28.Qxb5 Rxb5 29.e4 Bb7 30.Ra7 Nb8 31.Nb3 Nc6 32.Ra4 g5 33.Ke3 h5 34.
Nd4 Ra5 35.Rxa5 Nxa5 36.Kf2 Bc8 37.Bc1 b3 38.Ne2 Nc4 39.Bxg5 b2 40.Nc3 Na3
41.Kg3 Be6 42.Bf6 Kh7 43.Kh4 Nb5 44.Nb1 Nd4 45.f4 Ba2 46.e6 Nxe6 47.Bxb2 
Bxb1 48.f5 Nc5 49.Kxh5 Nxe4 50.f6 Bc2 0-1

[Event "Xtracon Chess Open 2018"]
[Site "Elsinore"]
[Date "2018.07.29"]
[Round "10"]
[White "Hjartarson, Johann"]
[Black "Jobava, Baadur"]
[Result "0-1"]
[WhiteElo "2523"]
[BlackElo "2644"]
[EventDate "2018.07.21"]
[WhiteFideId "2300044"]
[BlackFideId "13601520"]

1.d4 Nf6 2.c4 e6 3.Nf3 Bb4+ 4.Bd2 Bxd2+ 5.Qxd2 d5 6.Nc3 O-O 7.e3 Qe7 8.Rc1
Rd8 9.Qc2 a6 10.a3 h6 11.cxd5 exd5 12.Be2 Nc6 13.O-O Na7 14.b4 Bg4 15.h3 
Bxf3 16.Bxf3 c6 17.Na4 Nb5 18.Qb3 Nd6 19.Nc5 a5 20.bxa5 Rxa5 21.a4 Rda8 
22.Rb1 R5a7 23.Rfc1 Nd7 24.Qb4 Nxc5 25.dxc5 Nc4 26.Bd1 g6 27.Bc2 f5 28.Bb3
Ne5 29.Qd4 Kh7 30.Bd1 h5 31.Rb4 Re8 32.Rcb1 Qc7 33.g4 hxg4 34.hxg4 fxg4 
35.Bxg4 Kg8 36.Be2 Qe7 37.Qf4 Kg7 38.Kg2 Nf7 39.Qd4+ Kg8 40.Bd3 Ne5 41.Rh1
Qg7 42.Rh3 Rf8 43.Rg3 Qf6 44.f3 Kf7 45.Bc2 Rh8 46.Qb2 Ke7 47.Rf4 Rh2+ 48.
Kf1 Rf2+ 49.Kxf2 Ng4+ 0-1

[Event "Xtracon Chess Open 2018"]
[Site "Elsinore"]
[Date "2018.07.29"]
[Round "10"]
[White "Maze, Sebastien"]
[Black "Rasmussen, Allan Stig"]
[Result "0-1"]
[WhiteElo "2628"]
[BlackElo "2536"]
[EventDate "2018.07.21"]
[WhiteFideId "613762"]
[BlackFideId "1406000"]

1.Nf3 d5 2.g3 c6 3.Bg2 Bg4 4.c4 e6 5.cxd5 exd5 6.h3 Bh5 7.Qb3 Qb6 8.Qc2 
Nd7 9.O-O Ngf6 10.d3 Bd6 11.e4 Bxf3 12.Bxf3 Bxg3 13.exd5 Nxd5 14.Re1+ Kf8 
15.Bxd5 cxd5 16.Kf1 Be5 17.Qe2 f6 18.f4 Bd6 19.Nd2 Nc5 20.Nb3 Qb5 21.Nxc5 
Bxc5 22.Qf3 Bb4 23.Re2 Kf7 24.a4 Qd7 25.Be3 Rhe8 26.Rc1 Re7 27.Bf2 Rxe2 
28.Kxe2 g6 29.f5 Re8+ 30.Kf1 a5 31.Bg3 Qxf5 32.Qxf5 gxf5 33.Bf4 Re6 34.
Rc7+ Re7 35.Kg2 Rxc7 36.Bxc7 Bd2 37.Kf3 Bc1 38.b3 Bd2 39.Bb6 Bc3 40.Bc5 
Kg6 41.Bf2 Kg5 42.Bg3 Bd2 43.Bf2 f4 44.Kg2 Bc3 45.Bc5 Be1 46.Bd4 h5 47.Bb2
Bb4 48.Bd4 Bd2 49.Bb2 Kf5 50.Kf3 Ke6 51.Ke2 Be3 52.Bc3 b6 53.Bb2 Kf5 54.
Kf3 Kg5 55.Kg2 Kf5 56.Kf3 Ke6 57.Ke2 Bg1 58.Kf3 Kf5 59.Bc1 Ke5 60.Bb2+ Bd4
61.Bc1 Bc3 0-1

[Event "Xtracon Chess Open 2018"]
[Site "Elsinore"]
[Date "2018.07.29"]
[Round "10"]
[White "Andersen, Mads"]
[Black "Notkevich, Benjamin Arvola"]
[Result "1/2-1/2"]
[WhiteElo "2597"]
[BlackElo "2471"]
[EventDate "2018.07.21"]
[WhiteFideId "1413864"]
[BlackFideId "1506536"]

1.Nf3 d5 2.g3 Nf6 3.Bg2 c6 4.c4 Bg4 5.Ne5 Bh5 6.cxd5 cxd5 7.Nc3 e6 8.Qa4+ 
Nfd7 9.g4 Bg6 10.h4 Bc2 11.Nxf7 Kxf7 12.Qxc2 Nc6 13.Qd1 Be7 14.h5 Nde5 15.
d4 Nxg4 16.e4 Nf6 17.e5 Ne4 18.Nxe4 dxe4 19.Be3 Qa5+ 20.Kf1 Rad8 21.Bxe4 
Nxe5 22.Kg2 Nc4 23.Qf3+ Bf6 24.Bxb7 e5 25.b4 Nxe3+ 26.fxe3 Qxb4 27.Bd5+ 
Ke7 28.Rhd1 Qd6 29.dxe5 Qxe5 30.Rab1 Rb8 31.Rxb8 Rxb8 32.Bb3 Qg5+ 33.Kf2 
Rb5 34.Qe4+ Qe5 35.Qxe5+ 1/2-1/2